| 000 | 00811nam a2200193 i 4500 | ||
|---|---|---|---|
| 001 | 124843 | ||
| 003 | ES-MaACL | ||
| 005 | 20230906192516.0 | ||
| 007 | t| | ||
| 008 | 070423s1933 sp ||||1| spa d | ||
| 100 | 1 |
_aLuño Peña, Enrique. _974797 |
|
| 245 | 1 | 0 |
_aSeguro Social Agrario _b: extensión de los Seguros Sociales a los trabajadores del campo. Procedimiento de hacer más efivaz esa extensión / _cpor Enrique Luño Peña. |
| 260 |
_aMadrid : _b[s.n.], _c1933 ( _fImprenta y Encuadernación de los Sobrinos de la Sucesora de M. Minuesa de los Ríos) |
||
| 300 |
_a274 p. ; _c18 cm. |
||
| 490 | 1 |
_aPublicaciones del Instituto Nacional de Previsión ; _v380 |
|
| 830 | 0 |
_aPublicaciones del Instituto Nacional de Previsión ; _v380 _9181151 |
|
| 852 |
_aES-MaACL _jC-12627(1) |
||
| 999 |
_c124843 _d124843 |
||